| 000 | 00426nam a22001577a 4500 | ||
|---|---|---|---|
| 999 |
_c2304 _d2304 |
||
| 008 | 200220b ||||| |||| 00| 0 eng d | ||
| 082 | 0 | 0 |
_a621.56 _bW2147 |
| 100 |
_91884 _aWallis Tayler, A.J. |
||
| 245 | 1 | 0 |
_aThe pocket book of refrigeration and icemaking _cby A J Wallis Tayler |
| 250 | _a9th | ||
| 260 |
_aLondon _bTechnical press _c1950 |
||
| 300 | _aix,242p. | ||
| 365 | _d8.09 | ||
| 650 | 0 | _aIce Manufacture | |
| 942 | _cBK | ||